| 000 | 00434nam a2200169 a 4500 | ||
|---|---|---|---|
| 001 | 0000-8755 | ||
| 003 | ELIB.Books | ||
| 008 | 110520 2002 | ||
| 035 | _a(ELIB.Books)0000-8901 | ||
| 082 |
_a230 _bShi |
||
| 100 | _aShimary, Shimreingam | ||
| 245 | _aTheology of Human Rights | ||
| 260 |
_bMalow: Parkataki and Company Private _c2002 |
||
| 650 | _aTheology | ||
| 942 |
_2ddc _cBK |
||
| 998 |
_cbat _e2011-05-20 |
||
| 999 |
_c8755 _d8755 |
||